MARC details
| 000 -LEADER |
| fixed length control field |
02041cam a22004698i 4500 |
| 001 - CONTROL NUMBER |
| control field |
BK0026344147 |
| 003 - CONTROL NUMBER IDENTIFIER |
| control field |
DLC |
| 005 - DATE AND TIME OF LATEST TRANSACTION |
| control field |
20251124170112.0 |
| 008 - FIXED-LENGTH DATA ELEMENTS--GENERAL INFORMATION |
| fixed length control field |
200211t20202020nyu c 000 1 eng |
| 010 ## - LIBRARY OF CONGRESS CONTROL NUMBER |
| LC control number |
2019051235 |
| 020 ## - INTERNATIONAL STANDARD BOOK NUMBER |
| International Standard Book Number |
9780525647782 : HRD |
| Terms of availability |
16.99 |
| 020 ## - INTERNATIONAL STANDARD BOOK NUMBER |
| International Standard Book Number |
0525647783 : HRD |
| Terms of availability |
16.99 |
| Qualifying information |
(hardcover) |
| -- |
(library binding) |
| Cancelled/invalid ISBN |
9780525647805 |
| Qualifying information |
(ebook) |
| 037 ## - SOURCE OF ACQUISITION |
| Source of stock number/acquisition |
Random House Childrens Books, Attn Order Entry 400 Hahn rd, Westminister, MD, USA, 21157 |
| Note |
SAN 201-3975 |
| 040 ## - CATALOGING SOURCE |
| Original cataloging agency |
NJQ/DLC |
| Language of cataloging |
eng |
| Description conventions |
rda |
| Transcribing agency |
DLC |
| 050 00 - LIBRARY OF CONGRESS CALL NUMBER |
| Classification number |
PZ7.G7487 |
| Item number |
Sm 2020 |
| 082 04 - DEWEY DECIMAL CLASSIFICATION NUMBER |
| Classification number |
813.6 |
| 082 04 - DEWEY DECIMAL CLASSIFICATION NUMBER |
| Classification number |
Fic |
| Item number |
23 |
| 092 ## - LOCALLY ASSIGNED DEWEY CALL NUMBER (OCLC) |
| Classification number |
junior fiction |
| Item number |
Grabenstein |
| 100 1# - MAIN ENTRY--PERSONAL NAME |
| Personal name |
Grabenstein, Chris, |
| Relator term |
author. |
| 9 (RLIN) |
72169 |
| 245 14 - TITLE STATEMENT |
| Title |
The smartest kid in the universe / |
| Statement of responsibility, etc |
Chris Grabenstein. |
| 250 ## - EDITION STATEMENT |
| Edition statement |
First edition. |
| 263 ## - PROJECTED PUBLICATION DATE |
| Projected publication date |
2011 |
| 264 #1 - Production, Publication, Distribution, Manufacture, and Copyright Notice. |
| Place of production, publication, distribution, manufacture |
New York : |
| Name of producer, publisher, distributor, manufacturer |
Random House Children's Books, |
| Date of production, publication, distribution, manufacture, or copyr |
[2020] |
| 300 ## - PHYSICAL DESCRIPTION |
| Extent |
volumes cm |
| 336 ## - Content Type |
| Content type term |
text |
| 337 ## - Media type |
| Media type term |
unmediated |
| 338 ## - Carrier type |
| Carrier type term |
volume |
| 490 ## - SERIES STATEMENT |
| Series statement |
Smartest Kid in the Universe : |
| Volume number/sequential designation |
1 |
| 520 ## - SUMMARY, ETC. |
| Summary, etc |
When seventh-grader Jake McQuade mistakes the world's first ingestible knowledge pills for jelly beans, he suddenly knows all about physics and geometry and can speak Swahili (though Spanish would be a lot more useful)--but his sort-of girlfriend Grace thinks they can use his new found brilliance to save their middle school from the new principal, who is conspiring to get it shut down. |
| 521 ## - TARGET AUDIENCE NOTE |
| Target audience note |
Ages 8-12. |
| Source |
Random House Children's Books. |
| 650 #0 - SUBJECT ADDED ENTRY--TOPICAL TERM |
| Topical term or geographic name as entry element |
Genius |
| Form subdivision |
Juvenile fiction. |
| 9 (RLIN) |
5673911 |
| 650 #0 - SUBJECT ADDED ENTRY--TOPICAL TERM |
| Topical term or geographic name as entry element |
Conspiracies |
| Form subdivision |
Juvenile fiction. |
| 9 (RLIN) |
5684335 |
| 650 #0 - SUBJECT ADDED ENTRY--TOPICAL TERM |
| Topical term or geographic name as entry element |
Middle schools |
| Form subdivision |
Juvenile fiction. |
| 9 (RLIN) |
5675274 |
| 650 #0 - SUBJECT ADDED ENTRY--TOPICAL TERM |
| Topical term or geographic name as entry element |
Humorous stories. |
| 9 (RLIN) |
6384179 |
| 650 #1 - SUBJECT ADDED ENTRY--TOPICAL TERM |
| Topical term or geographic name as entry element |
Genius |
| Form subdivision |
Fiction. |
| 9 (RLIN) |
5673916 |
| 650 #1 - SUBJECT ADDED ENTRY--TOPICAL TERM |
| Topical term or geographic name as entry element |
Conspiracies |
| Form subdivision |
Fiction. |
| 9 (RLIN) |
5673860 |
| 650 #1 - SUBJECT ADDED ENTRY--TOPICAL TERM |
| Topical term or geographic name as entry element |
Middle schools |
| Form subdivision |
Fiction. |
| 9 (RLIN) |
5675986 |
| 650 #1 - SUBJECT ADDED ENTRY--TOPICAL TERM |
| Topical term or geographic name as entry element |
Schools |
| Form subdivision |
Fiction. |
| 9 (RLIN) |
5673727 |
| 650 #1 - SUBJECT ADDED ENTRY--TOPICAL TERM |
| Topical term or geographic name as entry element |
Humorous stories. |
| 9 (RLIN) |
6384179 |
| 655 #7 - INDEX TERM--GENRE/FORM |
| Genre/form data or focus term |
Humorous fiction. |
| Source of term |
lcgft |
| 9 (RLIN) |
6384180 |
| 942 ## - ADDED ENTRY ELEMENTS (KOHA) |
| Source of classification or shelving scheme |
Dewey Decimal Classification |
| Koha item type |
BOOK |